00680nam a2200241 a 4500001001300000003000900013005001700022008004100039020001000080082001300090100001700103245002100120260005000141300000900191500003500200505002400235650001800259700001700277902000800294942000700302952011400309999001500423nice12345678IN_TiNIC20260116013105.0050524s1967 cama grp 000 0 eng  ac19500a953bAJA aAjami, Fouad aArab Predicament aCambridge bCambridge University Press c1967 a279p aincludes index and biblioraphy2 aBibliography, Index aArab Politics1 aAjami, Fouad bSRS cBK 001040708StackRoom-aHMIbHMId2007-04-02g195.00l0o953 AJAp017046r2007-04-02v195.00w2005-05-24yBK c9617d9617